Linear systems : (Record no. 174714)
[ view plain ]
| 000 -LEADER | |
|---|---|
| fixed length control field | 01269 a2200205 4500 |
| 003 - CONTROL NUMBER IDENTIFIER | |
| control field | Nust |
| 005 - DATE AND TIME OF LATEST TRANSACTION | |
| control field | 20220720122526.0 |
| 010 ## - LIBRARY OF CONGRESS CONTROL NUMBER | |
| LC control number | 88032435 |
| 020 ## - INTERNATIONAL STANDARD BOOK NUMBER | |
| International Standard Book Number | 0135368146 |
| 040 ## - CATALOGING SOURCE | |
| Transcribing agency | Nust |
| 082 00 - DEWEY DECIMAL CLASSIFICATION NUMBER | |
| Classification number | 003,DEC |
| 100 1# - MAIN ENTRY--PERSONAL NAME | |
| Personal name | DeCarlo, Raymond A., |
| 9 (RLIN) | 73627 |
| 245 10 - TITLE STATEMENT | |
| Title | Linear systems : |
| Remainder of title | a state variable approach with numerical implementation / |
| Statement of responsibility, etc. | Raymond A. DeCarlo. |
| 260 ## - PUBLICATION, DISTRIBUTION, ETC. | |
| Place of publication, distribution, etc. | Englewood Cliffs, N.J. : |
| Name of publisher, distributor, etc. | Prentice Hall, |
| Date of publication, distribution, etc. | c1989. |
| 300 ## - PHYSICAL DESCRIPTION | |
| Extent | xv, 495 p. : |
| Other physical details | ill. ; |
| Dimensions | 25 cm. |
| 505 ## - FORMATTED CONTENTS NOTE | |
| Formatted contents note | Basic Concepts, Vocabulary and Notational (Page-1), State Models (Page-23), Linear State Models for Lumped Systems (Page-34), State Models from Ordinary Differential Equations (Page-50), State Models from Ordinary Differential Equations II (Page-64), introduction to numerical Computation and Gaussian Elimination (Page-86), Newton-Raphson Techniques (Page-106), Digital simulation of State Models (Page-117), Linear Discrete –Time State Models: Basic and Parallels With Continuous Time case (Page-141), Existence and Uniqueness of State Trajectories (Page-157), The solution of x(f) = and The state Transition Matrix (Page-173), The Disturbance Decoupling Problem (Page-474) |
| 650 #0 - SUBJECT ADDED ENTRY--TOPICAL TERM | |
| Topical term or geographic name entry element | Linear systems. |
| 650 #0 - SUBJECT ADDED ENTRY--TOPICAL TERM | |
| Topical term or geographic name entry element | State-space methods. |
| 9 (RLIN) | 94036 |
| 942 ## - ADDED ENTRY ELEMENTS (KOHA) | |
| Koha item type | Reference |
| Source of classification or shelving scheme | |
| Withdrawn status | Lost status | Source of classification or shelving scheme | Damaged status | Not for loan | Permanent Location | Current Location | Shelving location | Date acquired | Full call number | Barcode | Date last seen | Price effective from | Koha item type | Public note |
|---|---|---|---|---|---|---|---|---|---|---|---|---|---|---|
| Military College of Signals (MCS) | Military College of Signals (MCS) | Reference | 12/12/2016 | 003,DEC | MCS5581 | 12/08/2016 | 12/12/2016 | Reference | Almirah No.17, Shelf No.1 |
